000 01053nam a22002537a 4500
005 20170124103205.0
010 _aB-179226
020 _c200.00
_a8188067008
035 _aB-179226
037 _bCen Lib/Ret
040 _aDPL
_bHN
082 _a155.4
_bवारेर
100 _aवारेरकर, चित्रा
_993425
245 _aबाल मन की जिज्ञासा /
_cचित्रा वारेरकर
246 _aBaal man ki jigyasa /
_bby Chitra Varerkar
260 _a दिल्ली
_bआरोग्य निधि प्रकाशन
_c2006
270 _b दिल्ली
_e110053
_aब्लाक-सी-8 हाउस न.174 यमुना विहार
300 _a208पृ.
_c20सेमी(अजिल्द )
650 _aबाल विकास
_x
_z
_993426
650 _aसामाजिक विकास
_993427
650 _achild development
_9895
650 _asocial development
_91695
942 _2ddc
_cHN
_h155.4
_mवारेर
999 _c120927
_d120927